Statistics for Μάντεψε τη χώρα από την εικόνα #2

Click here to take the quiz!

General Stats

  • This quiz has been taken 146 times
  • The average score is 6 of 15

Answer Stats

Answer% Correct
Αίγυπτος
99%
Ηνωμένο Βασίλειο
83%
Περού
73%
Τουρκία
73%
Σαουδική Αραβία
42%
Μογγολία
42%
Ιταλία
38%
Ελβετία
38%
Ιράκ
37%
Βιετνάμ
31%
Ουκρανία
22%
Μαλαισία
21%
Ινδονησία
12%
Εκουαδόρ
5%
Μαγαδασκάρη
3%

Score Distribution

Percentile by Number Answered

Percent of People with Each Score

Your Score History

You have not taken this quiz